[Event "Liwali Bhaktapur Cup"]
[Site "Liwali"]
[Date "2021.03.14"]
[Round "3.4"]
[White "Maharjan, Saroj"]
[Black "Chaudhary, Sushil"]
[Result "1-0"]
[WhiteElo "1833"]
[BlackElo "1885"]
[PlyCount "62"]
[EventDate "2021.03.13"]
[EventType "team-swiss"]
[EventRounds "7"]
[EventCountry "NEP"]
[SourceTitle "EXT 2022"]
[Source "ChessBase"]
[SourceDate "2021.10.06"]
[SourceVersion "1"]
[SourceVersionDate "2021.10.06"]
[SourceQuality "1"]
[WhiteTeam "Lalitpur Metropolitan City"]
[BlackTeam "Bhimeshwor Municipality"]
[WhiteTeamCountry "NEP"]
[BlackTeamCountry "NEP"]

1. Nf3 f5 2. d4 c6 3. c4 Nf6 4. Bg5 e6 5. Nc3 d5 6. e3 Bd6 7. Ne5 0-0 8. f4 Qe8 9. Be2 Nbd7 10. c5 Bc7 11. 0-0 a5 12. a3 Bd8 13. b4 Nxe5 14. fxe5 Ng4 15. Bxd8 axb4 16. axb4 Rxa1 17. Qxa1 Qxd8 18. Bxg4 Qg5 19. Bf3 Qxe3+ 20. Kh1 Qxd4 21. Na2 Qc4 22. Rc1 Qf4 23. Rd1 Qc4 24. Qb2 g5 25. Qd2 g4 26. Be2 Qe4 27. Re1 Qxe5 28. Nc3 Qg7 29. Na4 e5 30. Nb6 Be6 31. Bf1 f4 1-0

[Event "Budha Bhandari Memorial"]
[Site "Budhanilkantha"]
[Date "2019.11.13"]
[Round "7"]
[White "Chaudhary, Sushil"]
[Black "Sumit, Grover"]
[Result "0-1"]
[WhiteElo "1912"]
[BlackElo "1964"]
[PlyCount "66"]
[EventDate "2019.11.09"]
[EventType "swiss"]
[EventRounds "9"]
[EventCountry "NEP"]
[SourceTitle "CBM 193 Extra"]
[Source "ChessBase"]
[SourceDate "2020.01.31"]
[SourceVersion "1"]
[SourceVersionDate "2020.01.31"]
[SourceQuality "1"]

1. e4 c6 2. d4 d5 3. exd5 cxd5 4. c3 Nf6 5. Bd3 Nc6 6. Bf4 Bg4 7. Qb3 Qc8 8. Nd2 e6 9. Ngf3 Be7 10. h3 Bh5 11. Ne5 Nxe5 12. Bxe5 0-0 13. 0-0 Bg6 14. Bxg6 hxg6 15. Bxf6 gxf6 16. Rfe1 Kg7 17. Nf1 Qc7 18. Rac1 Rac8 19. Ne3 Qd7 20. Qd1 b5 21. Qf3 f5 22. Re2 Rh8 23. b3 Rh4 24. Rce1 Bd6 25. g4 Rch8 26. Kg2 Rxh3 27. Qxh3 Rxh3 28. Kxh3 Qc8 29. Rc2 f4 30. Nf1 f3 31. Ng3 Qh8+ 32. Nh5+ gxh5 33. Re3 Qh7 0-1

[Event "Budha Bhandari Memorial"]
[Site "Budhanilkantha"]
[Date "2019.11.12"]
[Round "5"]
[White "Khadka, Govinda"]
[Black "Chaudhary, Sushil"]
[Result "0-1"]
[WhiteElo "1548"]
[BlackElo "1912"]
[PlyCount "80"]
[EventDate "2019.11.09"]
[EventType "swiss"]
[EventRounds "9"]
[EventCountry "NEP"]
[SourceTitle "CBM 193 Extra"]
[Source "ChessBase"]
[SourceDate "2020.01.31"]
[SourceVersion "1"]
[SourceVersionDate "2020.01.31"]
[SourceQuality "1"]

1. e4 c5 2. Nf3 d6 3. d4 cxd4 4. Nxd4 Nf6 5. Nc3 g6 6. Be3 Bg7 7. Qd2 Nc6 8. Be2 d5 9. Nxc6 bxc6 10. exd5 cxd5 11. Rd1 e6 12. Bb5+ Bd7 13. Bxd7+ Nxd7 14. Bh6 0-0 15. Bxg7 Kxg7 16. 0-0 Nb6 17. Qd4+ Qf6 18. Qxf6+ Kxf6 19. Ne2 Rfc8 20. c3 Nc4 21. b3 Nb6 22. Rd3 Rc7 23. f4 Rac8 24. g4 Kg7 25. h4 Nd7 26. Kg2 Nc5 27. Re3 a5 28. Nd4 a4 29. Nb5 Rd7 30. b4 Ne4 31. Rfe1 Rc4 32. Rd3 Rb7 33. Na3 Rc8 34. Kf3 Rbc7 35. Nb5 Rc4 36. Ke2 R8c6 37. Rf3 d4 38. Nxd4 Nxc3+ 39. Rxc3 Rxc3 40. Nxc6 Rxc6 0-1

[Event "Budha Bhandari Memorial"]
[Site "Budhanilkantha"]
[Date "2019.11.09"]
[Round "1"]
[White "Timalsina, Khom Prasad"]
[Black "Chaudhary, Sushil"]
[Result "0-1"]
[WhiteElo "1464"]
[BlackElo "1912"]
[PlyCount "74"]
[EventDate "2019.11.09"]
[EventType "swiss"]
[EventRounds "9"]
[EventCountry "NEP"]
[SourceTitle "CBM 193 Extra"]
[Source "ChessBase"]
[SourceDate "2020.01.31"]
[SourceVersion "1"]
[SourceVersionDate "2020.01.31"]
[SourceQuality "1"]

1. e4 c5 2. Nf3 Nc6 3. Nc3 d6 4. h3 e6 5. d4 cxd4 6. Nxd4 Nf6 7. Be3 Be7 8. Qd2 Bd7 9. f3 Rc8 10. Ndb5 d5 11. exd5 exd5 12. Nxd5 Nxd5 13. Qxd5 Nb4 14. Nd6+ Bxd6 15. Qxd6 Nxc2+ 16. Kf2 Nxa1 17. Bc5 Qf6 18. Qd5 b6 19. Bb5 Qxb2+ 20. Kg3 Qxb5 21. Re1+ Kd8 22. Be7+ Ke8 23. Bd6+ Kd8 24. Be7+ Kc7 25. Rc1+ Qc6 26. Bd6+ Kb7 27. Rxc6 Bxc6 28. Qxf7+ Ka8 29. Qc4 Bb7 30. Qf4 Rhe8 31. Qa4 Nc2 32. Bf4 Ne1 33. Bc7 Re6 34. Bf4 Re2 35. Qd1 Rxg2+ 36. Kh4 Nxf3+ 37. Kh5 Rc5+ 0-1

[Event "Asian Cities-chT"]
[Site "Dhaka"]
[Date "2019.07.17"]
[Round "9.2"]
[White "Chaudhary, Sushil"]
[Black "Subhayan, Kundu"]
[Result "1/2-1/2"]
[WhiteElo "1865"]
[BlackElo "2276"]
[PlyCount "113"]
[EventDate "2019.07.10"]
[EventType "team-swiss"]
[EventRounds "9"]
[EventCountry "BAN"]
[SourceTitle "EXT 2020"]
[Source "ChessBase"]
[SourceDate "2019.10.17"]
[SourceVersion "1"]
[SourceVersionDate "2019.10.17"]
[SourceQuality "1"]
[WhiteTeam "Kathmandu"]
[BlackTeam "Kolkata"]
[WhiteTeamCountry "NEP"]
[BlackTeamCountry "IND"]

1. e4 e6 2. d4 d5 3. Bd3 dxe4 4. Bxe4 Nf6 5. Bf3 Be7 6. Ne2 0-0 7. 0-0 c5 8. Bf4 Nc6 9. c3 Qa5 10. Qb3 Rd8 11. Rd1 c4 12. Qc2 e5 13. Bxc6 exf4 14. Be4 Bd6 15. Nd2 Qc7 16. f3 Be6 17. Rf1 g6 18. Rae1 Ne8 19. Qa4 f5 20. Bb1 b5 21. Qc2 Nf6 22. Nxf4 Bxf4 23. Rxe6 Bxh2+ 24. Kh1 Qf4 25. g4 Bg3 26. Kg2 Bh4 27. gxf5 Nd5 28. Kh1 Bg3 29. Ne4 Ne3 30. Nf6+ Kh8 31. Rxe3 Qh6+ 32. Kg1 Qxe3+ 33. Kg2 Qf4 34. Qe4 gxf5 35. Qxf5 Qxf5 36. Bxf5 Bh4 37. Ng4 h5 38. Rh1 hxg4 39. Rxh4+ Kg7 40. Rxg4+ Kf7 41. Be4 Rab8 42. Kg3 Rb6 43. Rg5 Rh8 44. f4 a6 45. f5 Rbh6 46. Kf4 Rh4+ 47. Kf3 Re8 48. Bc6 Re1 49. Bd7 Rh2 50. Be6+ Ke7 51. Rg7+ Kd6 52. Rd7+ Kc6 53. d5+ Kb6 54. Rd6+ Kb7 55. Rd7+ Kb6 56. Rd6+ Kb7 57. Rd7+ 1/2-1/2

[Event "Asian Cities-chT"]
[Site "Dhaka"]
[Date "2019.07.10"]
[Round "1.5"]
[White "Mohammed Abdul, Malek"]
[Black "Chaudhary, Sushil"]
[Result "1-0"]
[WhiteElo "2215"]
[BlackElo "1865"]
[PlyCount "81"]
[EventDate "2019.07.10"]
[EventType "team-swiss"]
[EventRounds "9"]
[EventCountry "BAN"]
[SourceTitle "EXT 2020"]
[Source "ChessBase"]
[SourceDate "2019.10.17"]
[SourceVersion "1"]
[SourceVersionDate "2019.10.17"]
[SourceQuality "1"]
[WhiteTeam "Chattagram City"]
[BlackTeam "Kathmandu"]
[WhiteTeamCountry "BAN"]
[BlackTeamCountry "NEP"]

1. d4 Nf6 2. c4 c5 3. Nf3 e6 4. Nc3 d5 5. e3 b6 6. cxd5 exd5 7. Ne5 Bd6 8. Bb5+ Bd7 9. Nxd7 Nfxd7 10. dxc5 Bxc5 11. Nxd5 0-0 12. Bxd7 Nxd7 13. 0-0 Ne5 14. b4 Bd6 15. f4 Nc4 16. e4 a5 17. bxa5 Rxa5 18. Qd3 b5 19. Kh1 f6 20. Rb1 Qe8 21. a4 Rxa4 22. Nc3 Rb4 23. Ra1 Qf7 24. Nd5 h6 25. Nxb4 Bxb4 26. Rb1 Ba5 27. Rxb5 Rd8 28. Rd5 Rc8 29. Rd7 Qg6 30. f5 Qh5 31. Rxg7+ Kxg7 32. Qd7+ Qf7 33. Bxh6+ Kg8 34. Qxc8+ Kh7 35. Bf4 Bd2 36. Bxd2 Nxd2 37. Rd1 Qa7 38. h3 Qd4 39. Qc7+ Kh6 40. Qf4+ Kh5 41. Qg4+ 1-0

[Event "Kathmandu op"]
[Site "Kathmandu"]
[Date "2018.04.13"]
[Round "2"]
[White "Harshita, Guddanti"]
[Black "Chaudhary, Sushil"]
[Result "1-0"]
[WhiteElo "2064"]
[BlackElo "1674"]
[PlyCount "45"]
[EventDate "2018.04.13"]
[EventType "swiss"]
[EventRounds "9"]
[EventCountry "NEP"]
[SourceTitle "CBM 183 Extra"]
[Source "ChessBase"]
[SourceDate "2018.04.19"]
[SourceVersion "1"]
[SourceVersionDate "2018.04.19"]
[SourceQuality "1"]

1. e4 c5 2. Nf3 d6 3. d4 cxd4 4. Nxd4 Nf6 5. Nc3 g6 6. Be3 Bg7 7. f3 Nc6 8. Qd2 0-0 9. 0-0-0 Bd7 10. h4 h5 11. g4 hxg4 12. h5 Nxh5 13. Nxc6 bxc6 14. Bh6 Qa5 15. Bxg7 Kxg7 16. Rg1 gxf3 17. Rg5 f5 18. Bc4 Rh8 19. Rxg6+ Kxg6 20. Rg1+ Kf6 21. Qg5+ Ke5 22. Qxe7+ Kf4 23. Qxd6+ 1-0